| 000 | 00532nam a22001577a 4500 | ||
|---|---|---|---|
| 008 | 240517b |||||||| |||| 00| 0 eng d | ||
| 020 | _a9789966651624 | ||
| 050 |
_aQC23 _b.K56 2018 |
||
| 245 |
_aSecondary physics: _bForm Three students' book / _cKenya Literature Bureau |
||
| 250 | _a5th ed. | ||
| 260 |
_aNairobi : _bKenya literature, _c2018. |
||
| 300 |
_avii,247p. : _bill. |
||
| 500 | _aApproved by Kenya institute of curriculum development | ||
| 650 | _aPhysics. | ||
| 942 |
_2lcc _cAFRICANA _hQC23 .K56 2018 |
||
| 999 |
_c31989 _d31989 |
||